[Event "North Island-ch Staurt Memorial"]
[Site "Auckland"]
[Date "2023.07.16"]
[Round "7"]
[White "Johns, Daniel"]
[Black "Chen, Anderson"]
[Result "1/2-1/2"]
[WhiteElo "1724"]
[BlackElo "1408"]
[PlyCount "74"]
[EventDate "2023.07.13"]
[EventType "swiss"]
[EventRounds "8"]
[EventCountry "NZL"]
[SourceTitle "EXT 2024"]
[Source "ChessBase"]
[SourceDate "2023.10.10"]
[SourceVersion "1"]
[SourceVersionDate "2023.10.10"]
[SourceQuality "1"]

1. e4 c5 2. Nf3 Nc6 3. d4 cxd4 4. Nxd4 Qb6 5. Nb5 d6 6. Be3 Qd8 7. Nd2 g6 8. c3 Bg7 9. Bc4 Nf6 10. f3 Bd7 11. 0-0 0-0 12. a4 a6 13. Na3 Qc7 14. Qc2 e6 15. Bf2 b6 16. Rfe1 Rfe8 17. Bd3 Ne5 18. Nac4 Nxc4 19. Nxc4 b5 20. Nb6 Rab8 21. Nxd7 Nxd7 22. axb5 axb5 23. Ra7 Rb7 24. Rea1 Nc5 25. Bxc5 Qxc5+ 26. Qf2 Qxf2+ 27. Kxf2 Reb8 28. Rxb7 Rxb7 29. Ra8+ Bf8 30. b3 Kg7 31. Ra5 Rc7 32. Rxb5 Rxc3 33. Bc4 Kf6 34. Rb7 Bh6 35. Kg3 Be3 36. Rd7 Bc5 37. h4 h5 1/2-1/2

[Event "North Island-ch Staurt Memorial"]
[Site "Auckland"]
[Date "2023.07.13"]
[Round "1"]
[White "Chen, Anderson"]
[Black "Malcolm, Leo"]
[Result "0-1"]
[WhiteElo "1408"]
[BlackElo "1667"]
[PlyCount "72"]
[EventDate "2023.07.13"]
[EventType "swiss"]
[EventRounds "8"]
[EventCountry "NZL"]
[SourceTitle "EXT 2024"]
[Source "ChessBase"]
[SourceDate "2023.10.10"]
[SourceVersion "1"]
[SourceVersionDate "2023.10.10"]
[SourceQuality "1"]

1. e4 e5 2. Nf3 Nc6 3. Bb5 f5 4. exf5 e4 5. Ng1 Qg5 6. Bf1 Qxf5 7. d3 d5 8. d4 Nf6 9. h3 h5 10. Be3 h4 11. c3 Bd6 12. Qd2 0-0 13. Na3 Nh5 14. Ne2 a6 15. Nc2 Ne7 16. 0-0-0 Ng6 17. Kb1 b5 18. Rg1 Nhf4 19. Nxf4 Bxf4 20. Bxf4 Qxf4 21. Qxf4 Rxf4 22. Ne3 Be6 23. Rd2 Raf8 24. Nd1 e3 25. Nxe3 Rxf2 26. Rxf2 Rxf2 27. Bd3 Nf4 28. Bf1 Nh5 29. Bd3 Ng3 30. Re1 Kf7 31. Kc1 Kf6 32. a3 g6 33. a4 c6 34. a5 Bf5 35. Bxf5 gxf5 36. Kb1 Kg5 0-1

[Event "NZL-ch op-B 130th"]
[Site "Wellington"]
[Date "2023.01.07"]
[Round "6"]
[White "Chen, Anderson"]
[Black "Zhou, Adele"]
[Result "1-0"]
[WhiteElo "1487"]
[BlackElo "1166"]
[PlyCount "81"]
[EventDate "2023.01.02"]
[EventType "swiss"]
[EventRounds "9"]
[EventCountry "NZL"]
[SourceTitle "CBM 212 Extra"]
[Source "ChessBase"]
[SourceDate "2023.03.31"]
[SourceVersion "1"]
[SourceVersionDate "2023.03.31"]
[SourceQuality "1"]

1. e4 c5 2. c4 Nc6 3. Ne2 Nf6 4. Nbc3 e6 5. d3 d5 6. exd5 exd5 7. cxd5 Nxd5 8. d4 Nxc3 9. bxc3 cxd4 10. cxd4 Bb4+ 11. Bd2 0-0 12. a3 Bxd2+ 13. Qxd2 Qd5 14. f3 Re8 15. Kf2 Bf5 16. g3 Rad8 17. Rd1 Rd7 18. Bg2 a6 19. f4 Qc4 20. Bxc6 bxc6 21. h3 Bd3 22. Qxd3 Qxd3 23. Rxd3 Rb7 24. Rhd1 f6 25. Rf3 h5 26. Rc3 Rb6 27. Rdc1 Re6 28. f5 Rd6 29. R1c2 Kh7 30. Nf4 Kh6 31. Ke3 Kg5 32. Ke4 Rb1 33. Ne6+ Kh6 34. Rxc6 Rxc6 35. Rxc6 Rb3 36. Rxa6 Rxg3 37. Nf4 Kg5 38. Ra7 Kh6 39. d5 Rg1 40. d6 Rd1 41. d7 1-0